000 00870nam0a2200289 4500
001 RU\NLR\bibl\1294566
005 20250615145206.0
010 _a978-5-91605-001-1
_9500
021 _aRU
_b2008-76659
_94431
035 _a(NLR Aleph) 001280204
090 _a494158
_c494158
100 _a20081114d2008 |||y0rusy50 ca
101 0 _arus
102 _aRU
105 _aa |||||||||
200 1 _aКубанский апокриф
_e[сборник]
_fЕвгений Мосев
210 _aКраснодар
_cГУ ЭСАЗ АКК
_d2008
215 _a363 с.
_cпортр.
_d22
686 _aШ6(2=Р)75я44
700 1 _aМосев
_bЕ. А.
_gЕвгений Алексеевич
_4070
801 0 _aRU
_bNLR
_c20081114
_gRCR
801 1 _aRU
_bNLR
_c20081114
830 _aавт. по кн.
942 _cBOOK
980 _aNB